Propane tank explosion : 2 deaths, 7 injuries : Herrig Brothers Feather Creek Farm, Albert City, Iowa, April 9, 1998.

Bibliographic Details
Corporate Author: United States. Chemical Safety and Hazard Investigation Board
Format: Government Document Book
Language:English
Published: [Washington, DC] : U.S. Chemical Safety and Hazard Investigation Board ; [1998]
Series:Investigation report (United States. Chemical Safety and Hazard Investigation Board) ; report no. 98-007-I-IA.
Subjects:
Online Access:PURL accesses CSHIB news and investigations page, from which a link may be made to the chronological group of Investigation reports required to search the title desired

MARC

Tag First Indicator Second Indicator Subfields
LEADER 00000cam a2200000 a 4500
001 in00000006695
008 991109s1998 dcua b f000 0 eng d
005 20230331144207.9
035 |a (OCoLC)42796104 
035 |9 AJK9105AM 
035 |a in00000006695 
040 |d GPO  |d DLC  |d MvI  |d UtOrBLW 
043 |a n-us-ia 
049 |a UDOC  |a WWW 
074 |a 1093-A 
074 |a 1093-A (online) 
086 0 |a Y 3.C 42/2:2 P 95 
090 |a TP761.P94  |b I577 1998 
110 1 |a United States.  |b Chemical Safety and Hazard Investigation Board. 
245 1 0 |a Propane tank explosion :  |b 2 deaths, 7 injuries : Herrig Brothers Feather Creek Farm, Albert City, Iowa, April 9, 1998. 
264 1 |a [Washington, DC] :  |b U.S. Chemical Safety and Hazard Investigation Board ;  |c [1998] 
264 2 |a [Springfield, Va.] :  |b [National Technical Information Service, distributor], 
300 |a ii, 61 pages :  |b illustrations ;  |c 28 cm. 
336 |a text  |b txt  |2 rdacontent 
337 |a unmediated  |b n  |2 rdamedia 
338 |a volume  |b nc  |2 rdacarrier 
490 1 |a Investigation report ;  |v report no. 98-007-I-IA 
500 |a Cover title. 
500 |a Shipping list number: 99-0369-P. 
500 |a Shipping List #: 99-0369-P 
500 |a Shipping List Date: 09/21/99 
504 |a Includes bibliographical references. 
530 |a Also available via Internet from the CSHIB web site. Address as of 12/20/99: http://chemsafety.gov/reports/1999/herrig/list%5Freports.htm; current access is available via PURL. 
650 0 |a Propane  |x Storage  |x Accidents  |z Iowa. 
650 0 |a Storage tanks  |x Accidents  |z Iowa. 
830 0 |a Investigation report (United States. Chemical Safety and Hazard Investigation Board) ;  |v report no. 98-007-I-IA. 
856 4 1 |u https://purl.fdlp.gov/GPO/LPS2369  |z PURL accesses CSHIB news and investigations page, from which a link may be made to the chronological group of Investigation reports required to search the title desired  |t 0 
999 |a MARS 
999 f f |i e1f68b6f-da9a-3229-b24b-4e400afd4fc2  |s 2426350d-3a10-324c-a2ed-4580758b1981  |t 0 
952 f f |p normal  |a Texas A&M University  |b College Station  |c Sterling C. Evans Library  |d Evans: US Documents (Annex 5th floor)  |t 0  |e Y 3.C 42/2:2 P 95  |h Superintendent of Documents classification  |i unmediated -- volume  |m A14824289275 
952 f f |a Texas A&M University  |b College Station  |c Electronic Resources  |d Available Online  |t 0  |e Y 3.C 42/2:2 P 95  |h Superintendent of Documents classification 
998 f f |a Y 3.C 42/2:2 P 95  |t 0  |l Evans: US Documents (Annex 5th floor) 
998 f f |a Y 3.C 42/2:2 P 95  |t 0  |l Available Online